000 01573nam a2200301 i 4500
003 DO-SdBNP
005 20240523151058.0
007 ta
008 220603e2007 dr ||||| gl|| 001 0dspa d
020 _a97899451401125
040 _aDO-SdBNP
_bspa
_cBNPHU
_erda
082 4 _222
_bO77c
100 1 _971565
_aOrtega Polanco, Francisco Antonio
_eautor
245 1 0 _aCódigo procesal penal:
_bpor un juez en ejercicio para estudiantes, estudiosos y curiosos /
_cFrancisco Antonio Ortega Polanco.
264 _aSanto Domingo :
_bCorripio,
_c2007
300 _a583 páginas ;
_c27 cm.
336 _2rdacontent
_atexto
_btxt
337 _2rdamedia
_asin mediación
_bn
338 _2rdacarrier
_avolumen
_bnc
500 _aIncluye datos biográficos del autor en la solapa de la cubierta.
500 _aIncluye bibliografía y notas al pié de páginas.
500 _aLa Biblioteca contiene el v.2
505 0 _aPresentación /
_rEdgar Hernández Mejía.--
_gPrefacio /
_rJuan Manuel Pellerano Gómez.--
_tAbreviaturas.--
_tCódigo Procesal Penal de la República Dominicana.--
_gLIBRO I.
_tDisposiciones Generales.--
_gLIBRO II.
_tJurisdicción Penal y los Sujetos Procesales.--
_gLIBRO III.
_tActividad Procesal.--
_gLIBRO IV.
_tMedios de Prueba.--
_gLIBRO V.
_tMedidas de Coerción.--
505 0 _aParte Especial.
_gLibro I.
_tProcedimiento Comunal.--
_gLibro II.
_tProcedimientos especiales.--
_gLIBRO III.
_tLos Recursos.--
_gLIBRO IV.
_tTítulo I. Ejecución Penal.--
590 _aInventariado 2024 / MF
650 4 _914474
_aProcedimiento Penal
_zRepública Dominicana
942 _2ddc
_cLBS1
999 _c51932
_d51932